00650nam a2200169 a 4500008004100000020001500041050001600056100001900072245002600091260004100117300002000158350000900178650008300187995007800270999001700348952011500365060316s1974 ||||||||||||||||| || u a0340162732 aPR 6075 You aYoung, Kenneth10aHarry, Lord Rosebery  aLondon :bHodder and Stoughtonc1974 a192 p., [8] p.  a0.00 aRosebery, Albert Edward Harry Meyer Archibald Primrose, 6th Earl of, 1882-1974 D0.00FCBU-MAIN LIBRARY (Kitwe)H1I2.95M1UAVAILABLEZFiction Collection c45382d45382 00102lcc4070a001b001cFiction Collectiond2022-11-30l0oPR 6075 Youp010530r2022-11-30w2022-11-30y002